000 00736nam a22002777a 4500
001 0033966
003 KOHA_MİRAKIL
005 20260207002908.0
007 ta
008 111128b tu |||gr||||#||||0|tur |
040 _aTR-BiSEU
_btur
_cTR-BiSEU
_erda
041 0 _atur
044 _ctu
050 _aD20
_b.W45 1948
100 1 _aWells, H. G..
245 1 2 _aA Short history of the world/
_cH. G. Wells ; H. G. Wells.
264 1 _aLondon :
_bPenguin Books
300 _a344 s. ;
_c21 cm.
336 _ametin
_btxt
_2rdacontent
337 _aaracısız
_bn
_2rdamedia
338 _acilt
_bnc
_2rdacarrier
650 0 _aDünya tarihi.
_91475
650 0 _aWorld history.
_912602
650 0 _a
_95500
942 _2lcc
_cBK
999 _c33965
_d33965